| 000 | 00940nam a22002537a 4500 | ||
|---|---|---|---|
| 005 | 20170124102955.0 | ||
| 010 | _aB-004559 | ||
| 020 | _c80.00 | ||
| 035 | _aB-004559 | ||
| 037 | _bCen Lib/Ret | ||
| 040 |
_aDPL _bHN |
||
| 082 |
_aउ _bमहर |
||
| 100 |
_aमहररुद्दीन खां _943331 |
||
| 245 |
_aदंगा / _cमहररुद्दीन खां |
||
| 246 |
_aDanga / _bby Maharduddin Khan |
||
| 260 |
_aनयी दिल्ली _bसाक्षी प्रकाशन _c2000 |
||
| 270 |
_bनयी दिल्ली _aवी-8, नवीन शाहदरा _e110032 |
||
| 300 |
_a96पृ. _c19सेमी(सजिल्द ) |
||
| 650 |
_aहिंदी साहित्य _x _z _952974 |
||
| 650 |
_aहिंदी उपन्यास _952975 |
||
| 650 |
_aHindi literature _v _952976 |
||
| 650 |
_aHindi novel _952977 |
||
| 942 |
_2ddc _cHN _hउ _mमहर |
||
| 999 |
_c113597 _d113597 |
||